| 000 | 01143nam a2200325 a 4500 | ||
|---|---|---|---|
| 999 |
_c5621 _d5621 |
||
| 001 | 5621 | ||
| 003 | UkOxU | ||
| 005 | 20171219085054.0 | ||
| 008 | 500101s1969 nyu 001 0 eng d | ||
| 020 | _a0070379858 | ||
| 035 | _a(BD-JhCC)5621 | ||
| 040 |
_aBD-JhCC _dBD-JhCC |
||
| 041 | _aeng | ||
| 082 |
_a516.36 _bLIP 1969 |
||
| 100 | 1 | _aLipschutz, Martin M. | |
| 245 | 1 | 0 |
_aSchaum's outline of theory and problems of differential geometry / _cby Martin M. Lipschutz |
| 260 |
_aNew York : _bMcGraw-Hill, _cc1969 |
||
| 300 |
_a269 p : _bill ; _c27 cm |
||
| 490 | 1 | _aSchaum's outline series. Schaum's outline series in mathematics | |
| 500 | _aCover title: Theory and problems of differential geometry | ||
| 500 | _aIncluding 500 solved problems completely solved in detail | ||
| 500 | _aSpine title: Differential geometry | ||
| 650 | 0 |
_aGeometry, Differential _xProblems, exercises, etc. |
|
| 740 | 0 | _aDifferential geometry | |
| 740 | 0 | _aOutline theory and problems of differential geometry | |
| 740 | 0 | _aTheory and problems of differential geometry | |
| 830 | 0 | _aSchaum's outline series. | |
| 942 |
_2ddc _cBK |
||